[Event "It \"Las Vegas Masters\""]
[Site "Las Vegas (USA)"]
[Date "2006.06.13"]
[Round "8"]
[White "Stoyko Stephen E (USA)"]
[Black "Taylor Timothy (USA)"]
[Result "0-1"]
[WhiteElo "2293"]
[BlackElo "2330"]
[Annotator ""]
[Source ""]
[Remark ""]

1.e4 Nc6 2.d4 d6 3.d5 Ne5 4.f4 Ng6 5.Nf3 e5 6.f5 N6e7 7.c4 g6
8.g4 Nf6 9.Nc3 Nxg4 10.fxg6 hxg6 11.h3 Bg7 12.Bg2 Nf6 13.Be3
Nh5 14.c5 Nf4 15.Bxf4 exf4 16.Qd2 dxc5 17.O-O-O a6 18.Kb1 Qd6
19.Ne2 Bd7 20.Nxf4 O-O-O 21.Rc1 Bh6 22.e5 Bf5+ 23.Ka1 Qb6 24.Nh4
Be6 25.Qf2 Bxf4 26.Qxf4 Nxd5 27.Qg3 Nb4 28.a3 Nd3 0-1

[Event "TCh-UKR Clubs"]
[Site "Alushta UKR"]
[Date "2010.05.18"]
[Round "8"]
[White "Sharapov, E."]
[Black "Ledakov, A."]
[Result "1/2-1/2"]
[WhiteElo "2498"]
[BlackElo "2196"]
[PlyCount "164"]
[EventDate "2010.05.13"]
[EventRounds "11"]
[EventCountry "UKR"]
[Source "Mark Crowther"]
[SourceDate "2010.02.01"]

1. e4 Nc6 2. d4 d6 3. d5 Nb8 4. c4 Nf6 5. Nc3 g6 6. Nf3 Bg7 7. Be2 O-O 8. O-O
c6 9. h3 a6 10. a3 b5 11. dxc6 bxc4 12. Qa4 e6 13. Rd1 Qc7 14. Qxc4 Nxc6 15.
Bf4 Rd8 16. b4 Ne8 17. Rac1 Bb7 18. Nd5 exd5 19. exd5 Ne7 20. Qxc7 Nxc7 21.
Rxc7 Nxd5 22. Rxb7 Nxf4 23. Bf1 a5 24. b5 Bb2 25. a4 Ne6 26. Bc4 Bf6 27. Bd5
Rac8 28. Ra7 Rc5 29. b6 Rb8 30. b7 Bd8 31. Ra8 Bc7 32. Bxe6 fxe6 33. Nd4 Kf7
34. Nb3 Rc4 35. Nxa5 Rc3 36. Rb1 Ke7 37. Rxb8 Bxb8 38. Nb3 Rc6 39. a5 e5 40.
Ra1 Ba7 41. a6 Rb6 42. Nd2 d5 43. Nf1 Ke6 44. Ne3 e4 45. Rd1 Rb5 46. Rc1 d4 47.
Nf1 Rb6 48. Rc8 Rb1 49. Ra8 e3 50. fxe3 dxe3 51. Kh2 e2 52. Re8+ Kd7 53. Rxe2
Rxf1 54. Rd2+ Kc7 55. Rc2+ Kb6 56. Rc8 Kxa6 57. b8=Q Bxb8+ 58. Rxb8 Ka7 59. Rb2
Rf5 60. Kg3 Ka6 61. Kg4 Ka7 62. Rd2 Kb6 63. Rc2 Kb7 64. Rc3 Kb6 65. Kh4 Rh5+
66. Kg3 Rg5+ 67. Kf3 Kb7 68. g4 Rd5 69. Ke4 Rb5 70. Kf4 h5 71. Kg3 hxg4 72.
hxg4 Rg5 73. Kh4 Re5 74. Rc4 Rd5 75. Kg3 g5 76. Kf3 Re5 77. Rc3 Kb6 78. Re3 Rc5
79. Ke4 Kc6 80. Rd3 Kc7 81. Rd5 Rxd5 82. Kxd5 Kd7 1/2-1/2

[Event "IsBank TCh-TUR"]
[Site "Konya TUR"]
[Date "2010.07.06"]
[Round "10"]
[White "Duman, A."]
[Black "Erdogan, H."]
[Result "1-0"]
[WhiteElo "2221"]
[BlackElo "2271"]
[PlyCount "71"]
[EventDate "2010.06.29"]
[EventRounds "13"]
[EventCountry "TUR"]
[Source "Mark Crowther"]
[SourceDate "2010.02.01"]

1. e4 Nc6 2. d4 d6 3. d5 Ne5 4. f4 Nd7 5. c4 Ngf6 6. Nc3 g6 7. Nf3 Bg7 8. Be2
O-O 9. O-O c6 10. h3 Nc5 11. Qc2 cxd5 12. cxd5 Bd7 13. Be3 Rc8 14. Nd2 b5 15.
a3 a5 16. Qb1 b4 17. axb4 axb4 18. Nb5 Qb6 19. Nd4 Ra8 20. Rxa8 Rxa8 21. N4b3
Bb5 22. Bxb5 Qxb5 23. Nxc5 dxc5 24. Rc1 Nh5 25. Nc4 Bd4 26. Bxd4 cxd4 27. Qd3
Nxf4 28. Qd2 g5 29. Kf2 Qb8 30. g3 Ng6 31. Qxd4 Qc7 32. e5 Ra2 33. d6 exd6 34.
exd6 Qd8 35. d7 Nf8 36. Nb6 1-0

[Event "Spartak IM"]
[Site "Subotica"]
[Date "2010.10.25"]
[Round "3"]
[White "Nestorovic, L."]
[Black "Arapovic, V."]
[Result "1/2-1/2"]
[WhiteElo "2335"]
[BlackElo "2401"]
[PlyCount "32"]
[EventDate "2010.10.23"]
[EventRounds "9"]
[EventCategory "2"]
[Source "Mark Crowther"]
[SourceDate "2010.09.06"]

1. e4 Nc6 2. d4 d6 3. d5 Nb8 4. Nc3 g6 5. Be3 Nf6 6. Qd2 c6 7. O-O-O Bg7 8. f3
O-O 9. g4 Nbd7 10. h4 cxd5 11. exd5 Ne5 12. h5 Qa5 13. hxg6 fxg6 14. Bh6 Rf7
15. Bxg7 Rxg7 16. Bb5 a6 1/2-1/2

[Event "TCh-UKR Clubs 2011"]
[Site "Alushta UKR"]
[Date "2011.05.18"]
[Round "6.5"]
[White "Kovchan, A."]
[Black "Ledakov, A."]
[Result "1-0"]
[WhiteElo "2558"]
[BlackElo "2215"]
[PlyCount "81"]
[EventDate "2011.05.13"]
[EventRounds "9"]
[EventCountry "UKR"]
[Source "Mark Crowther"]
[SourceDate "2010.09.06"]
[WhiteTeam "Law Academy (Kharkiv)"]
[BlackTeam "Chess Shcool (Simferopol)"]

1. e4 Nc6 2. d4 d6 3. d5 Nb8 4. c4 g6 5. Nc3 Bg7 6. Nf3 Bg4 7. Be2 Nf6 8. O-O
O-O 9. Be3 c6 10. h3 Bxf3 11. Bxf3 Nfd7 12. Qd2 a5 13. b3 Na6 14. Rab1 Nac5 15.
Rfc1 Qc7 16. Rc2 Nb6 17. Ne2 Rfc8 18. g3 a4 19. Bg2 axb3 20. axb3 Na6 21. dxc6
bxc6 22. f4 Rd8 23. e5 dxe5 24. Qa5 Rdb8 25. Rd1 Ra7 26. b4 c5 27. bxc5 Nd7 28.
Qxc7 Rxc7 29. c6 Nb6 30. c5 Na4 31. Ra1 Nb4 32. Rc4 Nb2 33. Rxb4 Rxb4 34. Ra8+
Bf8 35. fxe5 Kg7 36. e6 Nd3 37. Nf4 Rb3 38. Nxd3 Rxd3 39. Bf4 Rd1+ 40. Kh2 Rd6
41. cxd6 1-0

[Event "Sean Reader Memorial"]
[Site "Los Angeles USA"]
[Date "2011.05.12"]
[Round "2"]
[White "Atoufi, P."]
[Black "Taylor, T."]
[Result "1-0"]
[WhiteElo "2281"]
[BlackElo "2296"]
[PlyCount "77"]
[EventDate "2011.05.11"]
[EventRounds "9"]
[EventCountry "USA"]
[Source "Mark Crowther"]
[SourceDate "2010.09.06"]

1. e4 Nc6 2. d4 d6 3. d5 Ne5 4. Nc3 Nf6 5. f4 Ng6 6. Bd3 e6 7. dxe6 fxe6 8. g4
d5 9. e5 Ne4 10. Nf3 Bb4 11. Bxe4 dxe4 12. Qxd8+ Kxd8 13. Ng5 Ke8 14. Ngxe4 Bd7
15. O-O h5 16. g5 Bc6 17. Be3 Nh4 18. Kf2 Rf8 19. Ke2 Ng2 20. Rad1 Nxe3 21.
Kxe3 Kf7 22. Ne2 Ba5 23. c4 Rad8 24. Nd4 Bxe4 25. Kxe4 Bb6 26. g6+ Ke7 27. Nb3
a6 28. Rxd8 Rxd8 29. f5 Rf8 30. c5 exf5+ 31. Rxf5 Rxf5 32. Kxf5 Ba7 33. h3 h4
34. Nd4 Bxc5 35. Ne6 Be3 36. Nxg7 Bc1 37. Nh5 Bxb2 38. g7 Kf7 39. e6+ 1-0

[Event "8th Chervonograd IM"]
[Site "Chervonograd UKR"]
[Date "2012.11.19"]
[Round "10.3"]
[White "Terletsky, O."]
[Black "Zajarnyi, A."]
[Result "1-0"]
[WhiteElo "2259"]
[BlackElo "2324"]
[PlyCount "91"]
[EventDate "2012.11.14"]
[EventType "tourn"]
[EventRounds "11"]
[EventCountry "UKR"]
[EventCategory "2"]
[Source "Mark Crowther"]
[SourceDate "2012.12.04"]

1. e4 Nc6 2. d4 d6 3. d5 Nb8 4. c4 Nf6 5. Nc3 g6 6. Bd3 Bg7 7. Nge2 e5 8. f3 c6
9. Be3 a6 10. O-O O-O 11. Qd2 cxd5 12. cxd5 b5 13. b4 Nbd7 14. a4 bxa4 15. Rxa4
Ne8 16. Rfa1 Rb8 17. Rb1 Nc7 18. Nc1 f5 19. Nb3 f4 20. Bf2 g5 21. Na5 Qf6 22.
Nc6 Ra8 23. b5 axb5 24. Rxa8 Nxa8 25. Nxb5 Nc5 26. Bxc5 dxc5 27. Qc3 g4 28.
Qxc5 Kh8 29. Qe7 Qh6 30. Nd6 gxf3 31. Qxf8+ Bxf8 32. Nf7+ Kg7 33. Nxh6 Bc5+ 34.
Kf1 fxg2+ 35. Kxg2 Kxh6 36. Nxe5 Nb6 37. Rc1 Be3 38. Rxc8 Nxc8 39. Ng4+ Kg5 40.
Nxe3 fxe3 41. e5 Ne7 42. d6 Nc6 43. d7 Nd8 44. Bc4 Kf5 45. e6 Kf6 46. Bd5 1-0

[Event "48th Capablanca Open I 2013"]
[Site "Havana CUB"]
[Date "2013.05.01"]
[Round "10.40"]
[White "Cruz de la Osa, R."]
[Black "Ordunez Echarte, D."]
[Result "0-1"]
[WhiteElo "2223"]
[BlackElo "2306"]
[PlyCount "96"]
[EventDate "2013.04.21"]
[EventType "swiss"]
[EventRounds "10"]
[EventCountry "CUB"]
[Source "Mark Crowther"]
[SourceDate "2013.05.13"]

1. e4 Nc6 2. d4 d6 3. d5 Nb8 4. f4 Nf6 5. Bd3 c6 6. c4 Nbd7 7. Nc3 g6 8. Nf3
Bg7 9. Qe2 cxd5 10. cxd5 O-O 11. O-O Nc5 12. Bc4 Bg4 13. h3 Bxf3 14. Rxf3 a6
15. a3 b5 16. Ba2 Rc8 17. Bd2 Nfd7 18. Raf1 Qb6 19. Kh1 b4 20. axb4 Qxb4 21.
Be1 Rb8 22. R1f2 Bd4 23. e5 dxe5 24. f5 Bxf2 25. Rxf2 Qd4 26. Rf3 e4 27. Re3
Rxb2 28. Qxb2 Qxe3 29. Bf2 Qf4 30. Bd4 Qf1+ 31. Kh2 Qf4+ 32. Kh1 Nd3 33. Qb7
Qxf5 34. d6 e5 35. Be3 N7c5 36. Qe7 Qf1+ 37. Kh2 Nf4 38. Qg5 Qd3 39. Bxf4 exf4
40. Qxc5 Qg3+ 41. Kg1 f3 42. Qf2 Qxd6 43. Nxe4 Qe5 44. gxf3 Rb8 45. Bc4 Rb2 46.
Be2 Kg7 47. Kg2 a5 48. Ng3 a4 0-1

[Event "Fraubundesliga 2015-16"]
[Site "Germany GER"]
[Date "2016.01.24"]
[Round "7.1"]
[White "Paehtz, E."]
[Black "Kopylova, L."]
[Result "1-0"]
[WhiteElo "2452"]
[BlackElo "2156"]
[PlyCount "61"]
[EventDate "2015.09.26"]
[EventType "team"]
[EventRounds "11"]
[EventCountry "GER"]
[Source "Mark Crowther"]
[SourceDate "2016.04.04"]
[WhiteTeam "Bad Koenigshofen"]
[BlackTeam "Doppelbauer Kiel"]

1. e4 d6 2. d4 Nc6 3. d5 Ne5 4. f4 Ng6 5. Nf3 Nf6 6. Bd3 c6 7. c4 Qb6 8. Nc3
Bg4 9. h3 Nh4 10. hxg4 Nxg2+ 11. Ke2 Nxg4 12. Qg1 N4e3 13. Bxe3 Qxb2+ 14. Nd2
Nxe3 15. Rc1 g6 16. Qxe3 Bg7 17. e5 dxe5 18. fxe5 h5 19. Rc2 Qb6 20. Qe4 O-O-O
21. Rb1 Qc7 22. Nf3 Qd7 23. Qe3 b6 24. dxc6 Qh3 25. Nd5 Qg2+ 26. Ke1 Qg3+ 27.
Rf2 Bh6 28. Nxb6+ Kc7 29. Nd5+ Rxd5 30. Qxa7+ Kxc6 31. Qb7+ 1-0

[Event "Kiryat-Ono Summer 2016"]
[Site "Kiryat Ono ISR"]
[Date "2016.07.07"]
[Round "5.8"]
[White "Hadari, A."]
[Black "Arlinsky, U."]
[Result "0-1"]
[WhiteElo "2033"]
[BlackElo "2281"]
[PlyCount "62"]
[EventDate "2016.07.03"]
[EventType "swiss"]
[EventRounds "5"]
[EventCountry "ISR"]
[SourceDate "2016.07.11"]

1. e4 Nc6 2. d4 d6 3. d5 Nb8 4. Be3 Nf6 5. Nd2 c6 6. c4 g6 7. Ne2 Bg7 8. Nc3
O-O 9. Be2 e6 10. O-O Re8 11. Rc1 Na6 12. dxc6 bxc6 13. c5 Nxc5 14. Bxc5 dxc5
15. Nc4 Ba6 16. Qa4 Bxc4 17. Qxc4 Qa5 18. Rfd1 Rab8 19. b3 Red8 20. Na4 Bh6 21.
Qxc5 Qxc5 22. Rxc5 Nxe4 23. Rxc6 Rxd1+ 24. Bxd1 Rd8 25. Bc2 Rd2 26. f3 Be3+ 27.
Kf1 Nf6 28. Rc3 Nd5 29. Rc8+ Kg7 30. Be4 Nf4 31. Nc3 Rxg2 0-1

[Event "PRO League Group Stage"]
[Site "chess.com INT"]
[Date "2018.01.18"]
[Round "1"]
[White "Perez Ponsa, F."]
[Black "Shabalov, A."]
[Result "1-0"]
[WhiteElo "2553"]
[BlackElo "2544"]
[PlyCount "79"]
[EventDate "2018.01.18"]
[EventType "team (rapid)"]
[EventRounds "9"]
[EventCountry "USA"]
[WhiteTeam "Buenos Aires Krakens"]
[BlackTeam "Pittsburgh Pawngrabbers"]

1. e4 Nc6 2. d4 d6 3. d5 Nb8 4. c4 Nf6 5. Nc3 g6 6. h3 Bg7 7. Nf3 O-O 8. Bd3 e5
9. dxe6 Bxe6 10. O-O Nc6 11. Re1 Re8 12. Bf4 Nd7 13. Bf1 Nde5 14. Nd5 Nxf3+ 15.
Qxf3 Ne5 16. Qg3 c6 17. Ne3 h6 18. h4 Kh7 19. Rad1 Qc7 20. b3 Rad8 21. Nc2 Qa5
22. a4 a6 23. Bd2 Qc7 24. a5 Bg4 25. f3 Bc8 26. h5 g5 27. Qf2 d5 28. exd5 cxd5
29. Be3 Qe7 30. Bb6 Rd7 31. cxd5 Kg8 32. Ne3 Qb4 33. Nf5 Bf8 34. d6 Qxb3 35.
Qd4 Re6 36. Rxe5 Rxe5 37. Qxe5 Qxd1 38. Bd4 f6 39. Qxf6 Rf7 40. Qh8# 1-0

[Event "GRENKE Chess Open 2018"]
[Site "Karlsruhe GER"]
[Date "2018.04.01"]
[Round "7.14"]
[White "Firat, B."]
[Black "Bernadskiy, V."]
[Result "1/2-1/2"]
[WhiteElo "2453"]
[BlackElo "2588"]
[PlyCount "98"]
[EventDate "2018.03.29"]
[EventType "swiss"]
[EventRounds "9"]
[EventCountry "GER"]

1. e4 Nc6 2. d4 d6 3. d5 Nb8 4. c4 g6 5. Nc3 Bg7 6. Be3 Nf6 7. f3 O-O 8. Qd2 e6
9. Nge2 Nbd7 10. Nd4 exd5 11. cxd5 Ne5 12. Be2 c5 13. dxc6 bxc6 14. O-O Bb7 15.
Rfd1 d5 16. exd5 cxd5 17. b3 Rc8 18. Rac1 Re8 19. Bf1 a6 20. Na4 Qd6 21. Ne2
Rxc1 22. Qxc1 d4 23. Nxd4 Nd5 24. Bf2 Rc8 25. Qd2 Qf6 26. Rc1 Rxc1 27. Qxc1 Nf4
28. Nc5 Bd5 29. Ne4 Bxe4 30. Qc8+ Bf8 31. fxe4 Kg7 32. Qxa6 Qg5 33. Kh1 Bc5 34.
Nf5+ gxf5 35. Bxc5 fxe4 36. Bd4 Qf5 37. Qa5 f6 38. Bxe5 fxe5 39. Qa7+ Kg6 40.
Qb6+ Kg7 41. Qf2 Qd7 42. g3 Nd3 43. Qe2 Qd4 44. a4 Kf6 45. a5 Qa1 46. Kg2 Ne1+
47. Kf2 Nd3+ 48. Kg2 Ne1+ 49. Kf2 Nd3+ 1/2-1/2

[Event "It \"]
[Site "Doha (Qatar)"]
[Date "2006.12.03"]
[Round "6"]
[White "Al-Modiahki, Mohamad"]
[Black "Bakr, Jwan"]
[Result "1-0"]
[WhiteElo "2550"]
[BlackElo "2360"]

1. e4 d6 2. d4 Nc6 3. d5 Ne5 4. f4 Ng6 5. c4 e5 6. dxe6 fxe6 7. Nf3 Nf6 8.
 Bd3 e5 9. f5 Ne7 10. Bg5 Nc6 11. Nc3 Be7 12. O-O O-O 13. Bc2 Kh8 14. Qd2 
Bd7 15. Rad1 Be8 16. h3 Bf7 17. b3 a6 18. Bb1 Rb8 19. Nd5 Na7 20. Nxe7 
Qxe7 21. Qf2 c5 22. g4 Nc6 23. Bh4 Qc7 24. Bxf6 gxf6 25. Qh4 Be8 26. g5 
fxg5 27. Nxg5 Rg8 28. Kh1 Qg7 29. Rg1 Nd4 30. f6 Qg6 31. f7 Bxf7 32. Rdf1 
Rbf8 33. Rf6 Qg7 34. Nxf7+ Rxf7 35. Rxg7 Rfxg7 36. Qf2 Rg3 37. Kh2 Rd3 38.
 Bxd3 1-0

[Event "Bosnjaci CRO, 13. Open"]
[Site "Bosnjaci CRO"]
[Date "2008.01.05"]
[Round "4.8"]
[White "Drmic, Tomislav"]
[Black "Ikica, Ante"]
[Result "1-0"]
[WhiteElo "2240"]
[BlackElo "2028"]
[EventDate "2008.01.03"]

1. e4 d6 2. d4 Nc6 3. d5 Ne5 4. f4 Nd7 5. Nf3 c5 6. c4 g6 7. Nc3 Bg7 8. 
Qc2 Qc7 9. Bd3 Ngf6 10. O-O O-O 11. Bd2 b6 12. Rae1 Ng4 13. h3 Nh6 14. g4 
f6 15. Ne2 Nf7 16. Ng3 a6 17. a4 Bb7 18. h4 Rfe8 19. Qc1 Nf8 20. f5 Bc8 
21. Ne2 Bd7 22. b3 Rab8 23. Nf4 Ne5 24. Nxe5 dxe5 25. Ne6 Bxe6 26. fxe6 
Red8 27. Rf3 Rd6 28. Bh6 Rbd8 29. Bf1 Nxe6 30. dxe6 Rxe6 31. Bxg7 Kxg7 32.
 g5 Red6 33. Qe3 Rd4 34. h5 Qc6 35. hxg6 hxg6 36. gxf6+ exf6 37. Rh3 Rg8 
38. Qh6+ Kf7 39. Ree3 Qe6 40. Qh4 f5 41. Bg2 f4 42. Re1 Qd6 43. Qg4 Rd2 
44. Rf1 Qd4+ 45. Kh1 Rd3 46. Rxd3 Qxd3 47. Rd1 Rh8+ 48. Kg1 Qe3+ 49. Kf1 
Qxb3 50. Rd7+ Kf8 51. Rd8+ Kg7 52. Qd7+ Kf6 53. Qd6+ Kg5 54. Qxe5+ Kg4 55.
 Qe6+ Kg5 56. Qd5+ Kg4 57. Rxh8 Qb1+ 58. Kf2 Qb2+ 59. Kf1 Qb1+ 60. Ke2 
Qb2+ 61. Qd2 Qxh8 62. Bf3+ Kh3 63. Qxf4 Qb2+ 64. Qd2 Qh8 65. Kf2 Qh4+ 66. 
Kf1 1-0

[Event "7. Veselin Boskovic Mem Op"]
[Site "Belgrad SRB"]
[Date "2006.10.04"]
[Round "3"]
[White "Ivanisevic, Ivan"]
[Black "Masic, Predrag"]
[Result "1-0"]
[WhiteElo "2579"]
[BlackElo "2370"]
[EventDate "2006.10.02"]

1. d4 d6 2. e4 Nc6 3. d5 Ne5 4. c4 Nf6 5. Nc3 c6 6. f4 Ng6 7. Bd3 Qb6 8. 
Nf3 Bg4 9. h3 Bxf3 10. Qxf3 e5 11. f5 Nf4 12. Bf1 Be7 13. g3 N4h5 14. Rh2 
Qg1 15. Rg2 Qb6 16. Be3 Qc7 17. O-O-O g6 18. Kb1 Nd7 19. Rgd2 c5 20. Bh6 
O-O-O 21. a3 Rde8 22. Be3 Nhf6 23. b4 h5 24. Qf2 Kb8 25. Rb2 Rc8 26. Ka2 
Nh7 27. Rdb1 Bg5 28. bxc5 Bxe3 29. Rxb7+ Qxb7 30. Rxb7+ Kxb7 31. c6+ Ka8 
32. Qxe3 Nc5 33. Nb5 1-0

[Event "19th Zadar Open B"]
[Site "Zadar CRO"]
[Date "2012.12.17"]
[Round "2.10"]
[White "Brigljevic,M"]
[Black "Ikica,A"]
[Result "1-0"]
[WhiteTitle "FM"]
[WhiteElo "2213"]
[BlackElo "1996"]
[WhiteFideId "14501015"]
[BlackFideId "14503581"]
[EventDate "2012.12.16"]
[EventType "swiss"]

1. d4 d6 2. e4 Nc6 3. d5 Ne5 4. c4 c5 5. f4 Ng6 6. Nc3 e5 7. dxe6 fxe6 8. Nf3
Be7 9. g3 Nf6 10. Bg2 O-O 11. O-O Bd7 12. e5 dxe5 13. Nxe5 Qc7 14. Nxd7 Nxd7 15.
Bh3 Kh8 16. Bxe6 Nb6 17. f5 Ne5 18. Bf4 Bf6 19. Qe2 Rad8 20. Rae1 Rd4 21. Bxe5
Bxe5 22. Qxe5 Qxe5 23. Rxe5 Nxc4 24. Bxc4 Rxc4 25. Re4 Rd4 26. Rd1 Rfd8 27.
Rexd4 cxd4 28. Rd3 Kg8 29. Ne2 Rd5 30. g4 Rb5 31. b3 Ra5 32. a4 1-0

[Event "ch-East Asia Women 2019"]
[Site "Ulaanbaatar MGL"]
[Date "2019.04.13"]
[Round "7.5"]
[White "Nguyen Thi Thanh An"]
[Black "Pham Bich Ngoc"]
[Result "1-0"]
[BlackElo "2160"]
[BlackFideId "12401285"]
[BlackTitle "WIM"]
[EventDate "2019.04.07"]
[WhiteElo "2264"]
[WhiteFideId "12400300"]
[WhiteTitle "WGM"]

1. d4 d6 2. e4 Nc6 3. d5 Ne5 4. Be2 Nf6 5. Nc3 e6 6. f4 Ng6 7. dxe6 fxe6
8. Nf3 Be7 9. O-O O-O 10. g3 d5 11. Bd3 c5 12. e5 Nd7 13. h4 c4 14. Bxg6 hxg6
15. Be3 Nb8 16. Qe2 Nc6 17. Rad1 Qa5 18. a3 b5 19. Nd4 Nxd4 20. Bxd4 b4
21. axb4 Qxb4 22. Qg4 Bc5 23. Ne2 Bxd4+ 24. Nxd4 Qxb2 25. Qxg6 a5 26. Nf3 Qb6+
27. Kh2 Rd8 28. Ng5 Ra7 29. f5 Qe3 30. Qh7+ Kf8 31. fxe6+
1-0

[Event "29th North American Open"]
[Site "Las Vegas USA"]
[Date "2019.12.30"]
[Round "9"]
[White "Lehmann,Spencer"]
[Black "Vijay,Ke"]
[Result "1-0"]
[BlackElo "2200"]
[BlackFideId "5014450"]
[EventDate "2019.12.26"]
[EventType "swiss"]
[WhiteElo "2236"]
[WhiteFideId "2069261"]
[WhiteTitle "FM"]

1. d4 d6 2. e4 Nc6 3. d5 Nb8 4. c4 Nf6 5. Nc3 g6 6. Be3 Bg7 7. f3 a5
8. Nge2 Nbd7 9. Qd2 h5 10. Nd4 Nc5 11. Bd3 Nfd7 12. O-O O-O 13. f4 Nxd3
14. Qxd3 Nc5 15. Qc2 e5 16. fxe5 Bxe5 17. Nf3 Bg7 18. Bd4 Bh6 19. Bxc5 dxc5
20. Rae1 Qe7 21. e5 Bf5 22. Ne4 Bg7 23. Qc3 Bxe4 24. Rxe4 f5 25. Re2 g5
26. Qd3 g4 27. d6 cxd6 28. exd6 Qf6 29. Ne5 Rae8 30. d7 Re6 31. Rxf5
1-0

[Event "II Ogolnopolski Festiwal Szachowy - Klementowice 2011mentowice 2011"]
[Date "2011.08.14"]
[Round "1.2"]
[White "Gunajew, Rafal"]
[Black "Jajte-pachota, Maciej"]
[Result "0-1"]
[BlackElo "1712"]
[EventDate "2011.??.??"]
[PlyCount "58"]
[WhiteElo "2258"]

1. e4 d6 2. d4 Nc6 3. d5 Ne5 4. f4 Ng6 5. Nf3 Nf6 6. Bd3 c6 7. c4 Bd7 8. Nc3 e6
9. Qe2 exd5 10. exd5+ Qe7 11. dxc6 bxc6 12. O-O Qxe2 13. Bxe2 O-O-O 14. Ng5 Be8
15. Bf3 d5 16. cxd5 Bc5+ 17. Kh1 cxd5 18. Bd2 h6 19. Nh3 Nh4 20. Rac1 Nxf3
21. Rxf3 Kb7 22. Nf2 Bb6 23. Nd3 d4 24. Nd1 Bc6 25. Rxc6 Kxc6 26. Ne5+ Kd5
27. Nxf7 Ne4 28. Nxd8 Nxd2 29. Rd3 Re8
0-1

[Event "XXV Belgrade Trophy 2011"]
[Date "2011.12.01"]
[Round "8.25"]
[White "Skare, Goran"]
[Black "Maksimovic, Marko"]
[Result "1-0"]
[BlackElo "2193"]
[EventDate "2011.??.??"]
[PlyCount "91"]
[WhiteElo "2323"]

1. d4 d6 2. e4 Nc6 3. d5 Nb8 4. c4 g6 5. Bd3 Bg7 6. Ne2 Nd7 7. Nbc3 Nc5
8. Bc2 a5 9. O-O Nf6 10. f3 O-O 11. Be3 b6 12. Qd2 e5 13. dxe6 Bxe6 14. b3 Na6
15. Nd4 Nb4 16. Bd1 Bd7 17. Rb1 Nc6 18. Ndb5 Ne7 19. Be2 Bc6 20. Rfd1 Nd7
21. Nd4 Bb7 22. a3 Nc6 23. Ndb5 Ne7 24. Nd5 Nxd5 25. cxd5 f5 26. Bg5 Bf6
27. Bh6 Rf7 28. exf5 gxf5 29. Nd4 Bxd4+ 30. Qxd4 Qf6 31. Qxf6 Nxf6 32. Bc4 Re8
33. Kf2 Re5 34. Bf4 Re8 35. Rb2 Nh5 36. Bc1 Re5 37. Rc2 Nf6 38. Bb2 Ree7
39. b4 axb4 40. axb4 Kf8 41. Rcd2 Nd7 42. Ra1 Ne5 43. Bb5 Nd7 44. Ra7 Bc8
45. Rxc7 Re8 46. Rdc2
1-0